Normal view MARC view
  • Lane, Lauriat,

Entry Personal Name

Number of records used in: 1

001 - CONTROL NUMBER

  • control field: 153714

003 - CONTROL NUMBER IDENTIFIER

  • control field: DLC

005 - DATE AND TIME OF LATEST TRANSACTION

  • control field: 20260416115622.0

008 - FIXED-LENGTH DATA ELEMENTS

  • fixed length control field: 071129n| acannaabn |n aaa c

010 ## - LIBRARY OF CONGRESS CONTROL NUMBER

  • LC control number: no2007145840

035 ## - SYSTEM CONTROL NUMBER

  • System control number: (OCoLC)oca07593988

040 ## - CATALOGING SOURCE

  • Original cataloging agency: IEN
  • Language of cataloging: eng
  • Transcribing agency: IEN

100 1# - HEADING--PERSONAL NAME

  • Personal name: Lane, Lauriat,
  • Dates associated with a name: 1925-2005

670 ## - SOURCE DATA FOUND

  • Source citation: Walden, the second year, 1966?:
  • Information found: t.p. (Lauriat Lane, Jr.)

670 ## - SOURCE DATA FOUND

  • Source citation: OCLC, Nov. 29, 2007
  • Information found: (hdgs.: Lane, Lauriat; Lane, Lauriat, 1925- ; Lane, Lauriat, Jr. ; usage: Lauriat Lane, Jr.)

670 ## - SOURCE DATA FOUND

  • Source citation: Social Security Death Index Search Results WWW site, Nov. 29, 2007:
  • Information found: (Lauriat Lane, 1925-2005)
Devinim Yazılım Eğitim Danışmanlık tarafından Koha'nın orjinal sürümü uyarlanarak geliştirilip kurulmuştur.